[Event "POL-chT 1 Liga 2019"]
[Site "Dzwirzyno"]
[Date "2019.09.10"]
[Round "4.12"]
[White "Miturova, Magdalena"]
[Black "Gosciniak, Maria"]
[Result "1/2-1/2"]
[WhiteElo "2219"]
[BlackElo "2132"]
[Annotator "NA"]
[PlyCount "59"]
[EventDate "2019.09.07"]
[EventType "team-tourn"]
[EventCountry "POL"]
[SourceTitle "playchess.com"]
[Source "ChessBase"]
[SourceQuality "1"]
[TimeControl "40/5400+30:1800+30"]

1. Nf3 {[%emt 0:00:00]} c5 {[%emt 0:00:28]} 2. c4 {[%emt 0:00:00]} g6 {[%emt 0:00:11]} 3. Nc3 {[%emt 0:00:01]} Bg7 {[%emt 0:00:04]} 4. g3 {[%emt 0:00:38]} Nc6 {[%emt 0:01:13]} 5. Bg2 {[%emt 0:00:09]} Nf6 {[%emt 0:03:04]} 6. O-O {[%emt 0:02:44]} O-O {[%emt 0:00:26]} 7. d4 {[%emt 0:00:20]} cxd4 {[%emt 0:12:15]} 8. Nxd4 {[%emt 0:00:12]} Nxd4 {[%emt 0:00:38]} 9. Qxd4 {[%emt 0:00:08]} d6 {[%emt 0:00:06]} 10. Qe3 {[%emt 0:20:02]} a6 {[%emt 0:04:49]} 11. Bd2 {[%emt 0:10:43]} Rb8 {[%emt 0:01:56]} 12. a4 {[%emt 0:01:38]} Ng4 {[%emt 0:13:49]} 13. Qa7 {[%emt 0:08:06]} Be6 {[%emt 0:04:14]} 14. Nd5 {[%emt 0:03:14]} Bxd5 {[%emt 0:25:40]} 15. cxd5 {[%emt 0:12:22]} b5 {[%emt 0:11:42]} 16. Qxa6 {[%emt 0:22:05]} Bxb2 {[%emt 0:06:43]} 17. Ra2 {[%emt 0:00:41]} bxa4 {[%emt 0:00:30]} 18. Qxa4 {[%emt 0:00:24]} Nf6 {[%emt 0:01:48]} 19. Qc2 {[%emt 0:09:49]} Bd4 {[%emt 0:04:13]} 20. e3 {[%emt 0:00:13]} Bc5 {[%emt 0:00:05]} 21. Bc3 {[%emt 0:00:32]} Qc7 {[%emt 0:02:46]} 22. Bd4 {[%emt 0:02:58]} Rb5 {[%emt 0:02:42]} 23. Rc1 {[%emt 0:01:36]} Qb6 {[%emt 0:01:04]} 24. Bf1 {[%emt 0:00:17]} Ra5 {[%emt 0:00:09]} 25. Rb2 {[%emt 0:01:41]} Qa7 {[%emt 0:00:12]} 26. Bc3 {[%emt 0:00:55]} Ra3 {[%emt 0:00:15]} 27. Bg2 {[%emt 0:01:02]} Ra8 {[%emt 0:01:08]} 28. Bb4 {[%emt 0:00:42]} Bxb4 {[%emt 0:00:24]} 29. Rxb4 {[%emt 0:00:03]} Ra2 {[%emt 0:00:11]} 30. Rb2 {[%emt 0:00:27]} 1/2-1/2

[Event "POL-chT 1 Liga 2019"]
[Site "Dzwirzyno"]
[Date "2019.09.10"]
[Round "4.13"]
[White "Klekowski, Maciej"]
[Black "Chylewski, Patryk"]
[Result "1-0"]
[WhiteElo "2473"]
[BlackElo "2342"]
[Annotator "TA"]
[PlyCount "47"]
[EventDate "2019.09.07"]
[EventType "team-tourn"]
[EventCountry "POL"]
[SourceTitle "playchess.com"]
[Source "ChessBase"]
[SourceQuality "1"]

{[%evp 19,47,27,25,23,32,27,70,62,217,213,212,214,319,314,321,306,314,315,322,315,308,311,1575,1571,1491,1448,29995,29996,29996,29997]} 1. Nf3 Nf6 2. c4 c5 3. g3 b6 4. Bg2 Bb7 5. O-O e6 6. b3 Be7 7. Bb2 O-O 8. d4 cxd4 9. Qxd4 Nc6 10. Qf4 d5 11. Nc3 {A30: Symmetrical English: Double Fianchetto and Hedgehog} (11. Rd1 Qb8 12. Ne5 Bd6 13. Nxc6 Bxc6 14. Qh4 Be7 15. Nc3 Qb7 16. cxd5 Nxd5 17. Qc4 b5 18. Qd3 Rfd8 19. Nxd5 Bxd5 20. Bxd5 Rxd5 {½-½ (33) Melkumyan,H (2640)-Inarkiev,E (2730) Izmir 2016}) 11... Bd6 12. Qh4 dxc4 13. Rfd1 $146 {aiming for Nb5.White is slightly better.} ({Predecessor:} 13. Nb5 Bc5 14. Ne5 Nd5 15. bxc4 Qxh4 16. gxh4 Nde7 17. Nd7 Rfd8 18. Rfd1 Na5 19. Nxc5 Bxg2 20. Kxg2 bxc5 {1-0 (58) Khasin,A-Mishuchkov,N (2410) Volgograd 1977}) 13... Qe7 $2 (13... Ne8 $1 $14) 14. Rxd6 $1 $18 Qxd6 15. Ng5 $1 h6 {[#]} (15... Nd4 {keeps fighting.}) 16. Nce4 $1 {[%cal Re4f6]} Nxe4 ({Not} 16... hxg5 $2 17. Qxg5 (17. Nxd6 $2 {loses.} gxh4 18. Nxb7 Nb4 $17) 17... e5 18. Nxd6 $18) 17. Nxe4 Qd8 {[#]} 18. Bf6 $1 {[%mdl 512] Hoping for Qg4!} Qd5 {[#] Threatens to win with ...Qf5.} (18... gxf6 19. Qxh6) 19. Qg4 $1 {[%csl Gf6][%cal Rg4g7][%mdl 512]} g6 20. bxc4 Qxc4 $2 (20... Qf5 21. Qh4 Qh5) 21. Qh4 h5 22. Qf4 {White wants to mate with Qh6.} Nd4 23. Qh6 {[%csl Gf6][%cal Rh6h8]} Nxe2+ 24. Kh1 {Accuracy: White = 100%, Black = 35%.} 1-0

[Event "POL-chT 1 Liga 2019"]
[Site "Dzwirzyno"]
[Date "2019.09.10"]
[Round "4.14"]
[White "Kowalski, Igor"]
[Black "Barski, Radoslaw"]
[Result "0-1"]
[WhiteElo "2364"]
[BlackElo "2425"]
[Annotator "TA"]
[PlyCount "102"]
[EventDate "2019.09.07"]
[EventType "team-tourn"]
[EventCountry "POL"]
[SourceTitle "playchess.com"]
[Source "ChessBase"]
[SourceQuality "1"]

{[%evp 12,102,16,16,16,14,14,18,24,24,25,20,20,20,26,6,17,-14,-17,-12,-19,-29,-25,-31,-28,-20,-26,-16,-18,-23,-24,-18,-19,-23,36,0,0,0,0,0,44,37,54,53,65,46,94,-14,0,-2,0,-83,-88,-420,-20,-37,-38,-57,0,-134,0,-185,-170,-171,-154,-827,-793,-744,-713,-984,-1186,-1171,-1151,-1136,-1134,-1150,-1083,-1133,-1005,-1145,-1095,-1052,-1020,-923,-923,-5057,-5057,-2010,-1968,-775,-775,-600,-600]} 1. d4 Nf6 2. c4 e6 3. Nf3 d5 4. Nc3 c6 ({Predecessor:} 4... Nbd7 5. Bg5 c6 6. cxd5 {1-0 (42) Krejci,J (2490)-Marek,M (2381) Czech Republic 2017}) 5. cxd5 exd5 6. Bg5 Nbd7 7. e3 h6 $146 {D35: Queen's Gambit Declined: Exchange Variation} (7... Be7 8. Bd3 Ne4 9. Bxe7 Qxe7 10. Qc2 Ndf6 11. Ne5 O-O 12. O-O Bf5 13. Rae1 Nxc3 14. bxc3 Bxd3 15. Nxd3 Ne4 16. Rb1 Nd6 17. Ne5 f6 18. Nd3 {½-½ (59) Korobov,A (2687)-Wang,H (2735) Hengshui 2019}) 8. Bh4 g5 9. Bg3 Nh5 {The position is equal.} 10. Bd3 Nxg3 11. hxg3 Bg7 12. Qc2 Nb6 13. O-O-O Be6 14. Ne5 Bxe5 15. dxe5 Qe7 16. f4 O-O-O 17. Ne2 Kb8 18. Nd4 c5 19. Nxe6 fxe6 20. Be2 c4 21. Kb1 Qc5 22. Qd2 Rhg8 (22... Na4 $11) 23. Bf3 g4 24. Be2 Qf8 25. Rh4 Nc8 26. Qc2 h5 27. Rxh5 Qc5 $1 {[%cal Rc5e3]} 28. e4 {Strongly threatening exd5.} dxe4 29. Rc1 (29. Qxe4 $2 Rxd1+ 30. Bxd1 Qg1 $19) (29. Rxd8 $16 Rxd8 30. Qxc4 (30. Bxg4 Qg1+ 31. Qc1 Qxg2 $11)) 29... b5 $11 30. Qxe4 Rd2 31. Rh7 (31. Rhh1 $11 {remains equal.}) 31... Ne7 $1 $17 {[%cal Re7d5] Hoping for ...Nd5.} 32. Rc2 $2 {[%mdl 8192]} (32. Rhh1 $17) 32... Rxc2 $2 ({Better is} 32... Rd4 $1 $19 {[%cal Rd4e4]} 33. Qe3 Rd1+ $1 {[%mdl 576] Discovered Attack} 34. Bxd1 Qxe3 35. Rxe7 Qd3) 33. Qxc2 $11 Nd5 34. a3 Qe3 (34... Qd4 $15) 35. Ka2 {[#]} (35. Rd7 $11 {keeps the balance.} Rh8 36. Qd1 (36. Bxg4 Rh1+ 37. Bd1 Qd4 $11)) 35... Qxg3 (35... Rc8 $1 $17 {White must now prevent ...c3.} 36. Bd1 (36. Bxg4 b4 $17) 36... c3) 36. f5 $2 (36. Rd7 $1 $11 Rh8 37. Bxc4 bxc4 38. Qxc4) 36... Qxe5 $19 37. fxe6 Qxe6 38. Qd1 $2 (38. Rh1 $17) 38... c3 {( -> ...Nb4+!). Black is clearly winning.} 39. b3 {[#]} c2 $1 {[%mdl 512]} 40. Qd4 (40. Qxc2 Rc8) 40... c1=N+ {[%mdl 64] Double Attack} 41. Kb1 Qf5+ 42. Kxc1 Rc8+ 43. Kd2 Qxh7 44. Qxd5 {[%mdl 4096] Endgame KQR-KQB} Qc2+ 45. Ke1 Qc1+ 46. Bd1 Qe3+ 47. Kf1 Qf4+ ({Weaker is} 47... Rf8+ {[#]} 48. Bf3 $1 $17 {[%mdl 512]}) 48. Ke1 Re8+ 49. Be2 Qc1+ {[%mdl 64] Double Attack} 50. Qd1 Qxd1+ 51. Kxd1 Re3 {Accuracy: White = 40%, Black = 75%.} 0-1

[Event "POL-chT 1 Liga 2019"]
[Site "Dzwirzyno"]
[Date "2019.09.10"]
[Round "4.15"]
[White "Kosakowski, Jakub"]
[Black "Winiarski, Mikolaj"]
[Result "1-0"]
[WhiteElo "2411"]
[BlackElo "2213"]
[Annotator "TA"]
[PlyCount "55"]
[EventDate "2019.09.07"]
[EventType "team-tourn"]
[EventCountry "POL"]
[SourceTitle "playchess.com"]
[Source "ChessBase"]
[SourceQuality "1"]

{[%evp 11,55,45,48,41,55,49,63,44,101,112,112,115,155,123,123,142,203,196,286,294,310,291,351,280,401,259,250,189,224,179,311,306,428,227,977,973,984,945,955,717,687,701,690,680,1983,1975]} 1. e4 c5 2. Nf3 e6 3. d4 cxd4 4. Nxd4 Nc6 5. Nc3 d6 6. Be3 Nf6 7. Qe2 {B80: Sicilian Scheveningen: 6 g3 and 6 Be3, including English Attack} a6 8. O-O-O Qc7 9. g4 {White is slightly better.} h5 (9... Nxd4 $14 10. Rxd4 Nd7) 10. Nxc6 $146 ({Predecessor:} 10. g5 Ng4 11. Bh3 Nxe3 12. Qxe3 g6 13. Nxc6 bxc6 14. f4 Bg7 {½-½ (37) Vorobiov,E (2544)-Shipov,S (2593) Sochi 2004}) 10... Qxc6 {[#]} 11. g5 $1 {[%cal Rg5f6]} Nd7 12. f4 b5 13. a3 Bb7 (13... g6 $16) 14. g6 $18 Be7 (14... fxg6 {is a better defense.} 15. Bh3 Kf7) 15. gxf7+ Kxf7 16. Rg1 Rac8 {[#]} 17. e5 $1 {[%mdl 512]} d5 (17... dxe5 $142 18. Bg2 (18. Qd3 Nf8 $18) 18... Qc7 19. Bxb7 Qxb7) 18. Bd4 g6 19. Bh3 {Strongly threatening Rxg6!} Rcg8 20. Rg3 b4 (20... Nc5 $142 21. Kb1 Bh4) 21. axb4 Bxb4 {[#]} 22. Rdg1 (22. Nxd5 $142 $1 {[%mdl 512]} Qxd5 23. Bc3) 22... a5 $2 {[#]} (22... h4 23. R3g2 Nf8) 23. f5 $1 {[%mdl 512] White is clearly winning.} Nc5 (23... exf5 24. Bxf5) 24. fxe6+ Nxe6 25. Qf2+ Ke8 26. Rxg6 Rxg6 27. Rxg6 Nxd4 28. Rxc6 {Accuracy: White = 68%, Black = 29%.} 1-0

[Event "POL-chT 1 Liga 2019"]
[Site "Dzwirzyno"]
[Date "2019.09.10"]
[Round "4.16"]
[White "Kokoszczynski, Jan"]
[Black "Walter, Szymon"]
[Result "1-0"]
[WhiteElo "2289"]
[BlackElo "2311"]
[Annotator "TA"]
[PlyCount "61"]
[EventDate "2019.09.07"]
[EventType "team-tourn"]
[EventCountry "POL"]
[SourceTitle "playchess.com"]
[Source "ChessBase"]
[SourceQuality "1"]

{[%evp 15,61,39,39,37,41,22,22,20,26,14,27,28,62,64,76,59,94,77,72,81,127,135,143,117,163,150,154,145,220,216,218,221,244,239,500,493,526,527,705,689,865,864,1238,1231,1536,1520,1579,1542]} 1. d4 Nf6 2. c4 e6 3. Nc3 Bb4 4. f3 d5 5. a3 Be7 6. e4 dxe4 7. fxe4 e5 8. d5 Bc5 9. Nf3 {E20: Nimzo-Indian: 4 g3 and 4 f3} Bg4 10. h3 (10. Qc2 {feels hotter.} Nbd7 11. Bg5 O-O 12. O-O-O Bd4 13. Ne2) 10... Bxf3 11. Qxf3 {The position is equal.} Nbd7 12. Bg5 (12. g4 O-O 13. Bd3 c6 14. Be3 cxd5 15. cxd5 Rc8 16. Bxc5 Nxc5 {0-1 (41) Smirnov,A (2569)-Safarli,E (2681) chess.com INT 2019}) 12... c6 13. O-O-O Qc7 14. Kb1 $36 {[%mdl 2048] White is pushing.} O-O 15. g4 a5 16. h4 $146 ({Predecessor:} 16. Qf5 a4 {1-0 (50) Henrichs,T (2480)-Ptacnikova,L (2307) Reykjavik 2011}) 16... Ne8 17. Be3 Bd4 18. Bxd4 exd4 19. Rxd4 Nc5 20. Bg2 Qe5 21. Rhd1 Nb3 (21... Rd8 $16 22. Ne2 cxd5) 22. R4d3 $18 {Black must now prevent Na4.} Nc5 {[#]} 23. R3d2 $1 Nb3 {[#]} 24. Rf2 $1 {Hoping for Na4.} Nd6 $2 (24... a4 {is a better defense.} 25. Qf4 f6) 25. Na4 {White is clearly winning.} b5 26. Nb6 ({Less strong is} 26. Qxb3 bxa4 27. Qxa4 c5 $16) 26... bxc4 {and the idea ...Rad8 leaves Black hopeful.} 27. Nxa8 Nb5 28. Nb6 c3 29. Nd7 {[%mdl 64] Double Attack} c2+ 30. Rxc2 Nxa3+ 31. Ka2 {[%mdl 64] Double Attack. Accuracy: White = 85%, Black = 33%.} 1-0

[Event "POL-chT 1 Liga 2019"]
[Site "Dzwirzyno"]
[Date "2019.09.10"]
[Round "4.17"]
[White "Dzierzak, Radoslaw"]
[Black "Rozycki, Bartlomiej"]
[Result "1-0"]
[WhiteElo "2253"]
[BlackElo "2200"]
[Annotator "NA"]
[PlyCount "118"]
[EventDate "2019.09.07"]
[EventType "team-tourn"]
[EventCountry "POL"]
[SourceTitle "playchess.com"]
[Source "ChessBase"]
[SourceQuality "1"]
[TimeControl "40/5400+30:1800+30"]

1. d4 {[%emt 0:00:00]} Nf6 {[%emt 0:00:00]} 2. Nf3 {[%emt 0:00:00]} e6 {[%emt 0:00:00]} 3. e3 {[%emt 0:00:14]} b6 {[%emt 0:01:04]} 4. Bd3 {[%emt 0:00:24]} Bb7 {[%emt 0:00:11]} 5. O-O {[%emt 0:00:13]} Be7 6. c4 {[%emt 0:00:33]} d5 {[%emt 0:01:35]} 7. cxd5 {[%emt 0:01:52]} exd5 {[%emt 0:01:01]} 8. Nc3 {[%emt 0:00:17]} O-O {[%emt 0:00:18]} 9. b3 {[%emt 0:00:19]} c5 {[%emt 0:07:41]} 10. Bb2 {[%emt 0:00:30]} Nc6 {[%emt 0:00:06]} 11. Ne2 {[%emt 0:02:02]} Ne4 {[%emt 0:05:41]} 12. Rc1 {[%emt 0:02:22]} Rc8 {[%emt 0:01:17]} 13. a3 {[%emt 0:08:03]} Bf6 {[%emt 0:04:04]} 14. Bb1 {[%emt 0:09:28]} Qe7 {[%emt 0:03:06]} 15. Nf4 {[%emt 0:03:40]} Rfd8 {[%emt 0:04:44]} 16. Nh5 {[%emt 0:01:53]} Ba6 {[%emt 0:11:17]} 17. Nxf6+ {[%emt 0:07:01]} Qxf6 {[%emt 0:00:26]} 18. Bd3 {[%emt 0:01:59]} Bxd3 {[%emt 0:01:01]} 19. Qxd3 {[%emt 0:00:07]} cxd4 {[%emt 0:00:41]} 20. Nxd4 {[%emt 0:12:53]} Ne5 {[%emt 0:12:45]} 21. Qe2 {[%emt 0:06:47]} Rxc1 {[%emt 0:00:34]} 22. Rxc1 {[%emt 0:06:30]} Nd3 {[%emt 0:03:02]} 23. Rf1 {[%emt 0:00:54]} Nxb2 {[%emt 0:01:40]} 24. Qxb2 {[%emt 0:00:05]} Rc8 {[%emt 0:00:40]} 25. f3 {[%emt 0:01:45]} Nd6 {[%emt 0:03:25]} 26. Qd2 {[%emt 0:02:36]} g6 {[%emt 0:02:44]} 27. Rc1 {[%emt 0:04:52]} Rxc1+ {[%emt 0:02:26]} 28. Qxc1 {[%emt 0:00:13]} Qe5 {[%emt 0:00:29]} 29. Nc6 {[%emt 0:04:15]} Qg5 {[%emt 0:05:05]} 30. Qc3 {[%emt 0:01:49]} a6 {[%emt 0:12:12]} 31. Qe5 {[%emt 0:05:04]} Qxe5 {[%emt 0:05:49]} 32. Nxe5 {[%emt 0:00:03]} Ne8 {[%emt 0:00:13]} 33. Kf2 {[%emt 0:03:32]} f6 {[%emt 0:01:03]} 34. Nd7 {[%emt 0:00:36]} b5 {[%emt 0:00:10]} 35. Ke2 {[%emt 0:03:45]} Kf7 {[%emt 0:00:22]} 36. Nc5 {[%emt 0:01:28]} a5 {[%emt 0:05:31]} 37. Kd3 {[%emt 0:01:08]} Nd6 {[%emt 0:03:27]} 38. Kd4 {[%emt 0:04:09]} Nf5+ {[%emt 0:00:07]} 39. Kxd5 {[%emt 0:00:38]} Nxe3+ {[%emt 0:00:07]} 40. Kc6 {[%emt 0:00:00]} b4 {[%emt 0:00:00]} 41. a4 {[%emt 0:03:50]} Nxg2 {[%emt 0:00:33]} 42. Kb6 {[%emt 0:01:09]} Ke7 {[%emt 0:18:24]} 43. Kxa5 {[%emt 0:00:34]} Kd6 {[%emt 0:00:16]} 44. Kxb4 {[%emt 0:02:29]} Kc6 {[%emt 0:00:16]} 45. Ne4 {[%emt 0:01:31]} f5 {[%emt 0:02:21]} 46. Nd2 {[%emt 0:01:18]} Ne3 {[%emt 0:04:55]} 47. Kc3 {[%emt 0:02:28]} Kd5 {[%emt 0:00:05]} 48. b4 {[%emt 0:01:37]} g5 {[%emt 0:00:25]} 49. a5 {[%emt 0:01:06]} g4 {[%emt 0:00:59]} 50. Kd3 {[%emt 0:00:40]} Nd1 {[%emt 0:04:10]} 51. b5 {[%emt 0:01:37]} gxf3 {[%emt 0:01:35]} 52. a6 {[%emt 0:01:45]} Nb2+ {[%emt 0:00:06]} 53. Kc3 {[%emt 0:00:18]} Na4+ {[%emt 0:00:36]} 54. Kb4 {[%emt 0:00:13]} Nb6 {[%emt 0:00:08]} 55. Nxf3 {[%emt 0:00:19]} f4 {[%emt 0:03:02]} 56. Nd2 {[%emt 0:01:43]} Na8 {[%emt 0:00:45]} 57. Ka5 {[%emt 0:00:20]} Kc5 {[%emt 0:02:21]} 58. Ne4+ {[%emt 0:01:01]} Kd4 {[%emt 0:00:15]} 59. b6 {[%emt 0:00:24]} Kxe4 1-0

[Event "POL-chT 1 Liga 2019"]
[Site "Dzwirzyno"]
[Date "2019.09.10"]
[Round "4.18"]
[White "Moscicka, Pola"]
[Black "Malicka, Maria"]
[Result "1/2-1/2"]
[WhiteElo "1994"]
[BlackElo "2095"]
[Annotator "NA"]
[PlyCount "78"]
[EventDate "2019.09.07"]
[EventType "team-tourn"]
[EventCountry "POL"]
[SourceTitle "playchess.com"]
[Source "ChessBase"]
[SourceQuality "1"]
[TimeControl "40/5400+30:1800+30"]

1. e4 {[%emt 0:00:00]} e5 {[%emt 0:00:00]} 2. Nf3 {[%emt 0:00:00]} Nc6 {[%emt 0:00:00]} 3. Bb5 {[%emt 0:00:00]} g6 {[%emt 0:00:00]} 4. d3 {[%emt 0:00:12]} Bg7 {[%emt 0:00:17]} 5. O-O {[%emt 0:00:27]} Nge7 {[%emt 0:00:48]} 6. c3 {[%emt 0:03:27]} a6 {[%emt 0:01:45]} 7. Ba4 {[%emt 0:00:27]} O-O {[%emt 0:00:22]} 8. Re1 {[%emt 0:01:21]} d6 {[%emt 0:01:25]} 9. Nbd2 {[%emt 0:03:48]} h6 {[%emt 0:04:23]} 10. Nf1 {[%emt 0:03:23]} f5 {[%emt 0:06:42]} 11. exf5 {[%emt 0:04:01]} Nxf5 {[%emt 0:10:43]} 12. h3 {[%emt 0:03:16]} Kh7 {[%emt 0:07:52]} 13. Ne3 {[%emt 0:03:32]} Nh4 {[%emt 0:04:10]} 14. Nxh4 {[%emt 0:05:24]} Qxh4 {[%emt 0:00:06]} 15. Rf1 {[%emt 0:00:15]} Ne7 {[%emt 0:05:00]} 16. Bc2 {[%emt 0:07:49]} Be6 {[%emt 0:03:00]} 17. Qe2 {[%emt 0:02:15]} Rae8 {[%emt 0:03:15]} 18. Bb3 {[%emt 0:04:52]} d5 {[%emt 0:03:57]} 19. a4 {[%emt 0:04:27]} c6 {[%emt 0:04:47]} 20. a5 {[%emt 0:02:59]} Bd7 {[%emt 0:00:47]} 21. Ng4 {[%emt 0:05:31]} Nf5 {[%emt 0:06:44]} 22. Be3 {[%emt 0:08:54]} h5 {[%emt 0:08:27]} 23. Nh2 {[%emt 0:00:41]} Nxe3 {[%emt 0:00:10]} 24. fxe3 {[%emt 0:02:41]} e4 {[%emt 0:02:00]} 25. Rxf8 {[%emt 0:02:24]} Rxf8 {[%emt 0:03:48]} 26. dxe4 {[%emt 0:01:26]} dxe4 {[%emt 0:00:23]} 27. Rf1 {[%emt 0:00:23]} Qg5 {[%emt 0:02:23]} 28. Kh1 {[%emt 0:04:57]} Rxf1+ {[%emt 0:06:02]} 29. Nxf1 {[%emt 0:01:35]} Qxa5 {[%emt 0:00:30]} 30. g4 {[%emt 0:03:41]} Qg5 {[%emt 0:03:21]} 31. Ng3 {[%emt 0:12:04]} Qh4 {[%emt 0:02:33]} 32. Nxe4 {[%emt 0:01:59]} Qxh3+ {[%emt 0:03:10]} 33. Kg1 {[%emt 0:00:38]} Qh4 {[%emt 0:02:43]} 34. Qf3 {[%emt 0:01:33]} Bxg4 35. Qf4 {[%emt 0:00:51]} Qe1+ {[%emt 0:04:30]} 36. Kg2 {[%emt 0:00:34]} Qe2+ {[%emt 0:00:07]} 37. Kg1 {[%emt 0:00:22]} Qe1+ {[%emt 0:01:01]} 38. Kg2 {[%emt 0:00:15]} Qe2+ {[%emt 0:00:56]} 39. Kg1 {[%emt 0:00:53]} Qe1+ {[%emt 0:00:10]} 1/2-1/2

[Event "POL-chT 1 Liga 2019"]
[Site "Dzwirzyno"]
[Date "2019.09.10"]
[Round "4.19"]
[White "Kolago, Marcin"]
[Black "Cukrowski, Filip"]
[Result "1/2-1/2"]
[WhiteElo "2340"]
[BlackElo "2410"]
[Annotator "TA"]
[PlyCount "26"]
[EventDate "2019.09.07"]
[EventType "team-tourn"]
[EventCountry "POL"]
[SourceTitle "playchess.com"]
[Source "ChessBase"]
[SourceQuality "1"]

{[%evp 24,26,5,0,22]} 1. e4 c5 2. Nf3 Nc6 3. d4 cxd4 4. Nxd4 Nf6 5. Nc3 d6 6. Be3 e5 7. Nb3 Be7 8. f3 O-O 9. Qd2 Be6 10. O-O-O a5 11. Bb5 Na7 12. Be2 $146 ({Predecessor:} 12. Bxa7 Rxa7 13. a4 Ra8 14. Kb1 Ne8 15. Nd5 Bg5 16. Qd3 Nc7 17. Nxc7 Qxc7 18. Qxd6 Qxd6 19. Rxd6 {1-0 (64) Vachier Lagrave,M (2780)-Alekseenko,K (2637) chess.com INT 2019}) 12... Nc6 13. Bb5 Na7 {B56: Classical Sicilian: Unusual Lines} 1/2-1/2